Statistics for Best-Selling Whisky/Whiskey Brands in the World

Click here to take the quiz!

General Stats

  • This quiz has been taken 154 times
  • The average score is 4 of 16

Answer Stats

SalesAnswer% Correct
12,9mJack Daniel's
92%
18,3mJohnnie Walker
81%
6,9mJameson
63%
8,9mJim Beam
61%
4,2mChivas Regal
30%
6,9mBallantine's
28%
4,5mGrant's
20%
2,8mDewar's
19%
3,4mJ&B
16%
7mCrown Royal
13%
3,4mSuntory
9%
4,9mFireball
5%
2,6mLabel 5
2%
3,3mWilliam Lawson's
1%
3,0mWilliam Peel
1%
2,7mBlack & White
0%

Score Distribution

Percentile by Number Answered

Percent of People with Each Score

Your Score History

You have not taken this quiz